Assam goods and services tax act and rules (Record no. 11273)

MARC details
000 -LEADER
fixed length control field 00447nam a22001697a 4500
005 - DATE AND TIME OF LATEST TRANSACTION
control field 20220312125146.0
008 - FIXED-LENGTH DATA ELEMENTS--GENERAL INFORMATION
fixed length control field 220312b ||||| |||| 00| 0 eng d
040 ## - CATALOGING SOURCE
Original cataloging agency IN-DiNC
Transcribing agency IN-DiNC
041 ## - LANGUAGE CODE
Language code of sung or spoken text English
082 ## - DEWEY DECIMAL CLASSIFICATION NUMBER
Classification number 336.24
100 ## - MAIN ENTRY--PERSONAL NAME
Personal name Todi Ankit
Relator term Author
245 ## - TITLE STATEMENT
Title Assam goods and services tax act and rules
Statement of responsibility, etc. by Ankit Todi
250 ## - EDITION STATEMENT
Edition statement 1st ed.
260 ## - PUBLICATION, DISTRIBUTION, ETC.
Place of publication, distribution, etc. Guwahati
Name of publisher, distributor, etc. Ashok publishing house
Date of publication, distribution, etc. 2017
300 ## - PHYSICAL DESCRIPTION
Extent 769p.
942 ## - ADDED ENTRY ELEMENTS (KOHA)
Source of classification or shelving scheme Dewey Decimal Classification
Koha item type Books
Holdings
Withdrawn status Lost status Source of classification or shelving scheme Damaged status Not for loan Collection code Home library Current library Shelving location Date acquired Cost, normal purchase price Total Checkouts Full call number Barcode Date last seen Copy number Price effective from Koha item type
    Dewey Decimal Classification     Economics Central Library, Naharkatiya College Central Library, Naharkatiya College General Stacks 12/03/2022 1300.00   336.24 28827 12/03/2022 1 12/03/2022 Books

Naharkatiya College © 2020. All rights reserved.

Powered By